|
|
|
|
| LEADER |
00000cam a2200000 7i4500 |
| 001 |
0000007159 |
| 005 |
20241001.0 |
| 008 |
000525 my may |
| 020 |
|
|
|a 9679501221
|
| 040 |
|
|
|a INS
|b eng
|e rda
|
| 090 |
0 |
0 |
|a BF38.
|b B22154 1989
|
| 100 |
1 |
|
|a Badri, Malik ,
|e author
|
| 245 |
1 |
0 |
|a Konflik ahli psikologi Islam
|c Malik B. Badri ; penterjemah dan disunting Fadlullah Wilmot
|
| 264 |
|
1 |
|a Kuala Lumpur :
|b IBS Buku Sdn. Bhd.
|c 1989
|
| 264 |
|
4 |
|c ©1989
|
| 300 |
|
|
|a xii, 128 pages ;
|c 19 cm.
|
| 336 |
|
|
|a text
|2 rdacontent
|
| 336 |
|
|
|a unmediated
|2 rdamedia
|
| 337 |
|
|
|a volume
|2 rdacarrier
|
| 504 |
|
|
|a Includes bibliographical references and index
|
| 650 |
|
0 |
|a Islam
|x Psycology
|
| 700 |
1 |
|
|a Wilmot, Fadlullah ,
|e editor
|
| 999 |
|
|
|a 0000003655
|b BOOK
|c Open Shelf
|e Default branch
|